000 00611cam a22002173a 4500
001 43318
003 PGUSA
005 20140828084003.0
008 130726s2013||||xxu|||||s|||||000 | eng d
040 _aPGUSA
_beng
042 _adc
100 1 _aOutram, Mary Frances
245 1 0 _aTarnished Silver
_h[electronic resource] /
_cMary Frances Outram
260 _bProject Gutenberg,
_c2013
506 _aPublic domain in the USA.
516 _aElectronic text
700 1 _aWood, Stanley L.,
_d1866-1928
830 0 _aProject Gutenberg
_v43318
856 4 0 _uhttp://www.gutenberg.org/ebooks/43318
942 _cEB
999 _c272569
_d272569